Central Library OPAC University of Rajshahi

Lectures on Cauchy's problem in linear partial differential equations / (Record no. 6898)

MARC details
000 -LEADER
fixed length control field 00645cam a2200217 a 4500
001 - CONTROL NUMBER
control field 6898
003 - CONTROL NUMBER IDENTIFIER
rucl marc code BD-RjUL
005 - DATE AND TIME OF LATEST TRANSACTION
control field 20211208234333.0
008 - FIXED-LENGTH DATA ELEMENTS--GENERAL INFORMATION
fixed length control field 810424s1923 ctua 000 0 eng d
035 ## - SYSTEM CONTROL NUMBER
System control number (BD-RjUL)
040 ## - CATALOGING SOURCE
Original cataloging agency ANL
Language of cataloging eng
Transcribing agency ANL
041 ## - LANGUAGE CODE
Language code of text/sound track or separate title eng
082 04 - DEWEY DECIMAL CLASSIFICATION NUMBER
Classification number 515.35
Author mark and year HAL 1952
100 1# - MAIN ENTRY--PERSONAL NAME
Personal name Hadamard, Jacques,
Dates associated with a name 1865-1963.
9 (RLIN) 21651
245 10 - TITLE STATEMENT
Title Lectures on Cauchy's problem in linear partial differential equations /
Statement of responsibility, etc. Jacques S. Hadamard.
260 ## - PUBLICATION, DISTRIBUTION, ETC. (IMPRINT)
Place of publication, distribution, etc. New Haven,
Date of publication, distribution, etc. 1952
300 ## - PHYSICAL DESCRIPTION
Pagination 316 p. :
Size 22cm
650 #0 - SUBJECT ADDED ENTRY--TOPICAL TERM
Topical term or geographic name as entry element Differential equations, Partial.
9 (RLIN) 21652
Topical term or geographic name as entry element Differential equations, Linear.
9 (RLIN) 19816
942 ## - ADDED ENTRY ELEMENTS (KOHA)
Source of classification or shelving scheme Dewey Decimal Classification
Koha item type Books
Holdings
Lost status Source of classification or shelving scheme Damaged status Not for loan Collection code Permanent Location Current Location Shelving location Date acquired Source of acquisition Cost, normal purchase price Total Checkouts Full call number Date last seen Copy number Koha item type
  Dewey Decimal Classification     Non-fiction Central Library, University of Rajshahi Central Library, University of Rajshahi   13/11/1965 Zeit 14.00   515.35 HAL 1952 12/01/2014 C-2 Books
  Dewey Decimal Classification     Non-fiction Central Library, University of Rajshahi Central Library, University of Rajshahi   31/10/1962 Zeitlinger 12.00   515.35 HAL 1952 29/08/2016 C-3 Books